<?xml version="1.0" encoding="UTF-8"?>
<record
    xmlns:xsi="http://www.w3.org/2001/XMLSchema-instance"
    xsi:schemaLocation="http://www.loc.gov/MARC21/slim http://www.loc.gov/standards/marcxml/schema/MARC21slim.xsd"
    xmlns="http://www.loc.gov/MARC21/slim">

  <leader>01094aaa a2200265 a 4500</leader>
  <controlfield tag="001">78312</controlfield>
  <controlfield tag="003">BD-RjUL</controlfield>
  <controlfield tag="005">20211209083121.0</controlfield>
  <controlfield tag="008">210907s2005    qa ||||| |||| 00| 0 ara d</controlfield>
  <datafield tag="020" ind1=" " ind2=" ">
    <subfield code="a">9773000656 9789773000653</subfield>
    <subfield code="c">:  Inr 550.00</subfield>
  </datafield>
  <datafield tag="035" ind1=" " ind2=" ">
    <subfield code="a">(BD-RjUL)78538</subfield>
  </datafield>
  <datafield tag="040" ind1=" " ind2=" ">
    <subfield code="a">BD-RjUL</subfield>
    <subfield code="b">eng</subfield>
    <subfield code="c">BD-RjUL</subfield>
  </datafield>
  <datafield tag="041" ind1=" " ind2=" ">
    <subfield code="a">ara</subfield>
  </datafield>
  <datafield tag="082" ind1=" " ind2=" ">
    <subfield code="2">23</subfield>
    <subfield code="a">297.8</subfield>
    <subfield code="b">AJS 2005 [1462]</subfield>
  </datafield>
  <datafield tag="100" ind1="1" ind2="0">
    <subfield code="a">&#x627;&#x644;&#x623;&#x62C;&#x631;&#x64A;,  &#x623;&#x628;&#x64A; &#x628;&#x643;&#x631; &#x645;&#x62D;&#x645;&#x62F; &#x628;&#x646; &#x627;&#x644;&#x62D;&#x633;&#x64A;&#x646;  ;; Al-Ajri Abu Bakr Muhammad bin Al-Hussein </subfield>
    <subfield code="9">247493</subfield>
  </datafield>
  <datafield tag="245" ind1="1" ind2="4">
    <subfield code="a">&#x627;&#x644;&#x634;&#x631;&#x64A;&#x639;&#x629; ;; alsharieat /</subfield>
    <subfield code="c">&#x62A;&#x623;&#x644;&#x64A;&#x641; &#x623;&#x628;&#x64A; &#x628;&#x643;&#x631; &#x645;&#x62D;&#x645;&#x62F; &#x628;&#x646; &#x627;&#x644;&#x62D;&#x633;&#x64A;&#x646; &#x627;&#x644;&#x623;&#x62C;&#x631;&#x64A; &#x61B; &#x62A;&#x62D;&#x642;&#x64A;&#x642; &#x641;&#x631;&#x64A;&#x62F; &#x639;&#x628;&#x62F; &#x627;&#x644;&#x639;&#x632;&#x64A;&#x632; &#x627;&#x644;&#x62C;&#x646;&#x62F;&#x64A;. ; ; Mu&#x1E25;ammad ibn al-&#x1E24;usayn Al-Ajri ; Farid 'Abd al-'Aziz Jundi </subfield>
  </datafield>
  <datafield tag="260" ind1=" " ind2=" ">
    <subfield code="a">al-Qahirah : </subfield>
    <subfield code="b">Dar al-Hadith, </subfield>
    <subfield code="c">2005</subfield>
  </datafield>
  <datafield tag="264" ind1=" " ind2=" ">
    <subfield code="a">&#x627;&#x644;&#x642;&#x627;&#x647;&#x631;&#x647; : </subfield>
    <subfield code="b">&#x62F;&#x627;&#x631; &#x627;&#x644;&#x62D;&#x62F;&#x64A;&#x62B;, </subfield>
    <subfield code="c">&#x662;&#x660;&#x660;&#x665;</subfield>
  </datafield>
  <datafield tag="300" ind1=" " ind2=" ">
    <subfield code="a">752 pages ; </subfield>
    <subfield code="c">25 cm</subfield>
  </datafield>
  <datafield tag="650" ind1=" " ind2=" ">
    <subfield code="a">Islam -- Doctrines.</subfield>
    <subfield code="9">247494</subfield>
  </datafield>
  <datafield tag="650" ind1=" " ind2=" ">
    <subfield code="a">Islamic sects.</subfield>
    <subfield code="9">247495</subfield>
  </datafield>
  <datafield tag="700" ind1="1" ind2="0">
    <subfield code="a"> &#x627;&#x644;&#x62C;&#x646;&#x62F;&#x64A;, &#x639;&#x628;&#x62F; &#x627;&#x644;&#x639;&#x632;&#x64A;&#x632;</subfield>
    <subfield code="9">247496</subfield>
  </datafield>
  <datafield tag="700" ind1=" " ind2=" ">
    <subfield code="a">aljundiu, abdul aziz</subfield>
    <subfield code="9">247497</subfield>
  </datafield>
  <datafield tag="942" ind1=" " ind2=" ">
    <subfield code="2">ddc</subfield>
    <subfield code="c">BK</subfield>
  </datafield>
  <datafield tag="999" ind1=" " ind2=" ">
    <subfield code="c">78312</subfield>
    <subfield code="d">78312</subfield>
  </datafield>
  <datafield tag="952" ind1=" " ind2=" ">
    <subfield code="0">0</subfield>
    <subfield code="1">0</subfield>
    <subfield code="2">ddc</subfield>
    <subfield code="4">0</subfield>
    <subfield code="7">0</subfield>
    <subfield code="8">NFIC</subfield>
    <subfield code="a">RUCL</subfield>
    <subfield code="b">RUCL</subfield>
    <subfield code="c">Stack</subfield>
    <subfield code="d">2009-11-18</subfield>
    <subfield code="e">Ahsania Mission, Dhaka</subfield>
    <subfield code="g">550.00</subfield>
    <subfield code="l">0</subfield>
    <subfield code="o">A 297.8 AJS 2005</subfield>
    <subfield code="r">2021-09-07 00:00:00</subfield>
    <subfield code="t">C-2</subfield>
    <subfield code="w">2021-12-09</subfield>
    <subfield code="y">BK</subfield>
  </datafield>
  <datafield tag="952" ind1=" " ind2=" ">
    <subfield code="0">0</subfield>
    <subfield code="1">0</subfield>
    <subfield code="2">ddc</subfield>
    <subfield code="4">0</subfield>
    <subfield code="7">1</subfield>
    <subfield code="8">NFIC</subfield>
    <subfield code="a">RUCL</subfield>
    <subfield code="b">RUCL</subfield>
    <subfield code="c">Reading</subfield>
    <subfield code="d">2008-07-10</subfield>
    <subfield code="e">Kitabul Arabiah , Dhaka</subfield>
    <subfield code="g">600.00</subfield>
    <subfield code="l">0</subfield>
    <subfield code="o">A 297.8 AJS 2005 [1462]</subfield>
    <subfield code="r">2021-09-07 00:00:00</subfield>
    <subfield code="t">C-1</subfield>
    <subfield code="w">2021-09-07</subfield>
    <subfield code="y">BK</subfield>
  </datafield>
</record>
